ordinances Nos : No.7 of 1918.An ordinance To Amend "The Joint Stock Companies ordinance,1861," (Embodied In No.4 of 1861.Vol.1.,Pages 303,305,308 And 328) [ Date of Governor's Assent :April 16,1918.] [Date of Commencement November 7,1918.) (Record no. 50846)
[ view plain ]
| 000 -LEADER | |
|---|---|
| fixed length control field | 00566nam a2200145Ia 4500 |
| 008 - FIXED-LENGTH DATA ELEMENTS--GENERAL INFORMATION | |
| fixed length control field | 180921t xxu||||| ||||o00| 0 eng d |
| 041 ## - LANGUAGE CODE | |
| Language code of text/sound track or separate title | English |
| 080 ## - UNIVERSAL DECIMAL CLASSIFICATION NUMBER | |
| Universal Decimal Classification number | Vol.3 1910-1923 |
| 942 ## - ADDED ENTRY ELEMENTS (KOHA) | |
| Koha item type | Books |
| 003 - CONTROL NUMBER IDENTIFIER | |
| control field | LK-CoDNM |
| 040 ## - CATALOGING SOURCE | |
| Original cataloging agency | LK-CoDNM |
| Modifying agency | LK-CoDNM |
| Description conventions | LK-CoDNM |
| 245 ## - TITLE STATEMENT | |
| Title | ordinances Nos : No.7 of 1918.An ordinance To Amend "The Joint Stock Companies ordinance,1861," (Embodied In No.4 of 1861.Vol.1.,Pages 303,305,308 And 328) [ Date of Governor's Assent :April 16,1918.] [Date of Commencement November 7,1918.) |
| 300 ## - PHYSICAL DESCRIPTION | |
| Extent | p.597, 23 cm |
| 650 ## - SUBJECT ADDED ENTRY--TOPICAL TERM | |
| Topical term or geographic name as entry element | Joint Stock Companies |
| Withdrawn status | Lost status | Damaged status | Not for loan | Collection code | Permanent Location | Current Location | Date acquired | Full call number | Koha item type |
|---|---|---|---|---|---|---|---|---|---|
| Government Publications | Library National Museum Colombo - Sri Lanka | Library National Museum Colombo - Sri Lanka | 2013-05-09 | Vol.3 1910-1923 | Books |


